| 000 | 01452cam a2200337 i 4500 | ||
|---|---|---|---|
| 001 | 768714001 | ||
| 003 | CO-MdFUSB | ||
| 005 | 20230512095826.0 | ||
| 007 | ta | ||
| 008 | 780308m18851903enk 000 0 eng | ||
| 020 | _a[No incluye ISBN] | ||
| 040 |
_aDLC _cCO-MdFUSB _dTxFS _dDLC _bspa _erda |
||
| 041 | _aeng | ||
| 082 |
_223 _a220.67 _bST933 |
||
| 240 | _aStudia Bíblica | ||
| 245 | 0 | 0 |
_aStudia Biblica : _bessays in Biblical archaeology and criticism and kindred subjects _c/ members of the University of Oxford. |
| 264 | 1 |
_aOxford : _bThe Clarendon Press, _c[1885] |
|
| 264 | 4 | _c© 1885 | |
| 300 |
_a263 páginas _c23 cm. |
||
| 336 |
_2rdacontent _atexto _btxt |
||
| 337 |
_2rdamedia _asin mediación _bn |
||
| 338 |
_2rdacarrier _avolumen _bnc |
||
| 504 | _aIncluye referencias bibliográficas | ||
| 505 | _aVolumen 1: Studia Biblica: essays in biblical archaeology and criticism and kindred subjects. -- Volumen 2: Studia Biblica et ecclesiastica : essays chiefly in Biblical and patristic criticism. -- Volumen 3: Studia Biblica et ecclesiastica : essays chiefly in Biblical and patristic criticism. -- Volumen 4: Studia Biblica et ecclesiastica: essays chiefly in Biblical and patristic criticism. -- Volumen 5: Life of St. Nino. | ||
| 563 | _aTapa dura | ||
| 630 | 0 | 7 |
_aBiblia _xCrítica, interpretación, etc. |
| 650 | 7 |
_2embne _92124 _aArqueología bíblica |
|
| 942 | _cP | ||
| 945 | _aJTF-925 | ||
| 999 |
_c66637 _d66637 |
||